000 00835cab a2200229 4500
001 X83589
008 090401t1997 xxu||||| |||| 00| 0 eng d
035 _a(Sirsi) u77976
041 _aeng
245 _aR V Somerset CC ex parte Dixon
260 _c1997
350 _a0
490 _aNew Property Cases
_v[1997] NPC 61 (3)
520 _aJudicial review - locus standi - application for leave to challenge to grant of conditional planning permission to extend limestone extraction - Town and Country Planning Act 1990 s106. HEADNOTE FROM JOURNAL - NOT TO BE PHOTOCOPIED.
650 _aLIMESTONE EXTRACTION
650 _aPLANNING PERMISSION
650 _aR V SOMERSET CC EX P DIXON
650 _aTOWN AND COUNTRY PLANNING ACT 1990 S106
690 _aPLANNING LAW AND PRACTICE-CASE LAW
942 _n0
948 _c25/04/1997
999 _c49046
_d49046